Modern concepts on water resources (Record no. 1335)

000 -LEADER
fixed length control field 00600nam a22002177a 4500
001 - CONTROL NUMBER
control field 1335
003 - CONTROL NUMBER IDENTIFIER
control field BD-DhUET
008 - FIXED-LENGTH DATA ELEMENTS--GENERAL INFORMATION
fixed length control field 140903b xxu||||| |||| 00| 0 eng d
020 ## - INTERNATIONAL STANDARD BOOK NUMBER
International Standard Book Number 9848090309
040 ## - CATALOGING SOURCE
Original cataloging agency 0
Transcribing agency 0
Modifying agency BD-DhUET
082 ## - DEWEY DECIMAL CLASSIFICATION NUMBER
Classification number 628.16068095492
Item number FAI/2007
100 ## - MAIN ENTRY--PERSONAL NAME
Personal name Faisal Hossain
245 ## - TITLE STATEMENT
Title Modern concepts on water resources
Statement of responsibility, etc. by Faisal Hossain,Md. Delawer Hossain
250 ## - EDITION STATEMENT
Edition statement Ist ed.
260 ## - PUBLICATION, DISTRIBUTION, ETC. (IMPRINT)
Place of publication, distribution, etc. Dhaka
Name of publisher, distributor, etc. UGC,
Date of publication, distribution, etc. 2007
300 ## - PHYSICAL DESCRIPTION
Extent xv,222p.
504 ## - BIBLIOGRAPHY, ETC. NOTE
Bibliography, etc Includes bibliographies
650 #0 - SUBJECT ADDED ENTRY--TOPICAL TERM
Topical term or geographic name as entry element Water resources management
Geographic subdivision Bangladesh
700 ## - ADDED ENTRY--PERSONAL NAME
Personal name Delawer Hossain, Md.
942 ## - ADDED ENTRY ELEMENTS (KOHA)
Koha item type General Book
Holdings
Copy number Shelving location Withdrawn status Date acquired Sublocation or collection (holding branch) Damaged status Source of classification or shelving scheme Not for loan Koha date last seen Koha normalized classification for sorting Koha full call number Piece designation (barcode) Lost status Koha item type Price effective from Location (home branch)
1Circulation section 2014-09-03Central Library, BUET   2014-09-03628_160680954920000_FAI_2007628.16068095492/FAI/2007103500 General Book2014-09-03Central Library, BUET
2Circulation section 2014-09-03Central Library, BUET   2014-09-03628_160680954920000_FAI_2007628.16068095492/FAI/2007103501 General Book2014-09-03Central Library, BUET
3Circulation section 2014-09-03Central Library, BUET   2014-09-03628_160680954920000_FAI_2007628.16068095492/FAI/2007103502 General Book2014-09-03Central Library, BUET
4Circulation section 2014-09-03Central Library, BUET   2014-09-03628_160680954920000_FAI_2007628.16068095492/FAI/2007103503 General Book2014-09-03Central Library, BUET
5Circulation section 2014-09-03Central Library, BUET   2014-09-03628_160680954920000_FAI_2007628.16068095492/FAI/2007103504 General Book2014-09-03Central Library, BUET
6Circulation section 2014-09-03Central Library, BUET   2014-09-03628_160680954920000_FAI_2007628.16068095492/FAI/2007103505 General Book2014-09-03Central Library, BUET
7Circulation section 2014-09-03Central Library, BUET   2014-09-03628_000000000000000_1606809549628.16068095492/FAI/2007103506 General Book2014-09-03Central Library, BUET
8Circulation section 2014-09-03Central Library, BUET   2014-09-03628_000000000000000_1606809549628.16068095492/FAI/2007103507 General Book2014-09-03Central Library, BUET
9Circulation section 2014-09-03Central Library, BUET   2014-09-03628_160680954920000_FAI_2007628.16068095492/FAI/2007103508 General Book2014-09-03Central Library, BUET
10Circulation section 2014-09-03Central Library, BUET   2014-09-03628_000000000000000_1606809549628.16068095492/FAI/2007103509 General Book2014-09-03Central Library, BUET
11Circulation section 2016-07-26Central Library, BUET   2016-07-26628_160680954920000_FAI_2007628.16068095492/FAI/2007114242 General Book2016-07-26Central Library, BUET
12Circulation section 2016-07-26Central Library, BUET   2016-07-26628_160680954920000_FAI_2007628.16068095492/FAI/2007114243 General Book2016-07-26Central Library, BUET